000 00792 a2200145 4500
020 _a052181538X
020 _a9780521815383
082 _a551.22,CHA
100 1 _aChapman, Chris.
_98679
245 1 0 _aFundamentals of seismic wave propagation /
_cChris Chapman.
260 _a[S.l.] :
_bCambridge University Press,
_c2004.
300 _a634 p. ;
_c25 cm.
505 _aIntroduction (Page-1), Basic wave propagation (Page-6), Transforms (Page-45), Review of continuum mechanics and elastic waves (Page-76), Asymptotic ray theory (Page-134), Rays at an interface (Page-198), Differential systems for stratified media (Page-247), Inverse transforms for stratified media (Page-310), Canonical signals (Page-378), Generalizations of ray theory (Page-459).
942 _aSNS
_cBK
_k551.22 CHA
_2ddc
999 _c176937
_d176937